| 000 | 01439nam0a22003131 4500 | ||
|---|---|---|---|
| 001 | rc\2122253 | ||
| 005 | 20260407084851.0 | ||
| 035 | _a(NLR Aleph) 006533969 | ||
| 090 |
_a6564122 _c6564122 |
||
| 100 | _a20110826d1978 |||y0rusy50 ca | ||
| 101 | 0 | _arus | |
| 102 | _aRU | ||
| 105 | _aa z ||||| | ||
| 200 | 1 |
_aАсимптотическое поведение решений дифференциально-функциональных уравнений _eСб. науч.тр. _fАН УССР, Ин-т математики _g[Отв. ред. А.Н. Шарковский] |
|
| 210 |
_aКиев _cИн-т математики _d1978 |
||
| 215 |
_a151 с. _cил. _d20 |
||
| 320 | _aБиблиогр. в конце работ | ||
| 606 |
_aДифференциальные уравнения _jСборники _xРешение _xАсимптотические методы _2psbo |
||
| 606 |
_aФункциональные уравнения _jСборники _xРешение _xАсимптотические методы _2psbo |
||
| 686 |
_aВ161.615-7я43 _2rubbk |
||
| 702 | 1 |
_aШарковский _bА.Н. _gАлександр Николаевич _4340 |
|
| 712 | 0 | 2 |
_aИнститут математики _cКиев _3RU\NLR\AUTH\8812647 _9298101 |
| 801 | 0 |
_aRU _bNLR _gpsbo |
|
| 801 | 1 |
_aRU _bELAR _2rusmarc |
|
| 852 |
_aNLR _j79-3/7112 |
||
| 899 |
_aRuMoRGB _jБ 79-22/357 |
||
| 899 |
_aRuMoRGB _jБ 79-22/358 |
||
| 942 | _cBOOK | ||
| 980 | _aNB | ||